Postacie XX wieku - Statystyki

Ogólne statystyki
  • Ten quiz został rozwiązany 239 razy
  • Średni wynik to 8 z 20
Statystyki odpowiedzi
Hint Odpowiedź % Poprawnych
Hiszpański generał który w 1939 wygrał wojnę domową Francisco Franco
83%
Duce Włoch Benito Mussolini
77%
Dyktator Kuby Fidel Castro
73%
Ojciec pieriestrojki, laureat Pokojowej Nagrody Nobla w 1990 Michaił Gorbaczow
73%
Polski polityk który w 1970 został I sekretarzem KC PZPR Edward Gierek
67%
Prezydnet RPA, laureat Pokojowej Nagrody Nobla Nelson Mandela
66%
Prezydent USA, jako jedyny w historii podał się do dymisji Richard Nixon
49%
Amerykański generał, a następnie prezydent USA Dwight Eisenhower
48%
Zabójca arcyksięcia Franciszka Ferdynanda Gavrilo Princip
40%
Naczelny dowódca lotnictwa III Rzeszy Hermann Göring
38%
Król Wielkiej Brytanii podczas I wojny światowej Jerzy V
37%
Sowiecki marszałek polskiego pochodzenia Konstanty Rokossowski
35%
Generał japoński, premier Japonii podczas II wojny światowej Hideki Tojo
21%
Radziecki polityk który w 1984 został sekretarzem generalnym KPZR Konstantin Czernienko
21%
Pierwszy dyktator Korei Północnej Kim Il Sung
14%
Imię ostatniego następcy tronu rosyjskiego Aleksy
13%
Generał niemiecki w I wojny światowej, w 1925 z ramienia NSDAP startował na prezydenta Niemiec Erich Ludendorff
6%
Prezydent USA w latach 1909-1913 William Taft
6%
Kanclerz Niemiec przed Adolfem Hitlerem Kurt von Schleicher
4%
Ostatni polski prezydent Lwowa, prezydent RP na uchodźstwie Stanisław Ostrowski
3%
Nie znaleziono quizów pasujących do podanych kryteriów
Rozkład punktacji
Procent ludzi z każdym wynikiem
Percentyl według liczby udzielonych odpowiedzi
Twoja historia wyników
Nie rozwiązałeś tego quizu